• 首页
  • 本馆介绍
  • 公告通知
  • 最新文献
  • 馆藏检索
  • 电子资源
  • 读者导购
  • 参考咨询
  • 我的图书馆
  • 登录
  • 详细信息显示
  • 放入我的书架
  • 预约/预借图书
  • 作者相关作品
  • 分类相关作品
  • 丛书相关作品
  • 出版社相关作品

书目信息

  • 表格格式
  • 工作单格式
  • 卡片格式
题名:
中国指导案例、参考案例判旨总提炼
    
 
作者: 胡凤滨 主编
分册:   公司纠纷
出版信息: 北京   法律出版社  2012.03
页数: 20,396页
开本: 23cm
丛书名: 中国指导案例、参考案例判旨总提炼丛书
单 册:
中图分类: D920.5 , D925.105
科图分类:
主题词: 案例--中国--现代--汇编 , 公司--经济纠纷--案例--中国--现代--汇编 , 案例 , 公司 , 经济纠纷
电子资源:
ISBN: 978-7-5118-3025-8
000 01240oam2 2200313 450
001 005341754
005 20130628104950.07
010    @a978-7-5118-3025-8@dCNY58.00
100    @a20120529d2012 em y0chiy0110 ea
101 0  @achi
102    @aCN@b110000
105    @ay zn 000yy
106    @ar
200 1  @a中国指导案例、参考案例判旨总提炼@9zhong guo zhi dao an li、can kao an li pan zhi zong ti lian@i公司纠纷@f胡凤滨主编@g《中国指导案例》编委会编
210    @a北京@c法律出版社@d2012.03
215    @a20,396页@d23cm@e1光盘
225 1  @a中国指导案例、参考案例判旨总提炼丛书@v11
307    @a附光盘:ISBN 978-7-900793-06-5
330    @a本书收录整理了两高公报关于股东纠纷、公司设立纠纷、经营纠纷、清算纠纷和破产纠纷的司法审判案例及全国各地法院审理的相关指导性案例。每篇指导性案例都经法学专家评判,全部指导性案例均有“争议点”、“判则”等点评,对案件办理、审理、学术研究及教学具有非常高的指导和参考作用。
606 0  @a案例@y中国@z现代@j汇编
606 0  @a公司@x经济纠纷@x案例@y中国@z现代@j汇编
606 0  @a案例
606 0  @a公司
606 0  @a经济纠纷
690    @aD920.5@v5
690    @aD925.105@v5
701  0 @a胡凤滨@9hu feng bin@f(1956~)@4主编
801  0 @aCN@bNLC@c20121016
905    @b544823-25@dD920.5@e1037:2@f3
    
    中国指导案例、参考案例判旨总提炼.公司纠纷/胡凤滨主编/《中国指导案例》编委会编.-北京:法律出版社,2012.03
    20,396页;23cm+1光盘.-(中国指导案例、参考案例判旨总提炼丛书;11)
    
    
    ISBN 978-7-5118-3025-8:CNY58.00
    本书收录整理了两高公报关于股东纠纷、公司设立纠纷、经营纠纷、清算纠纷和破产纠纷的司法审判案例及全国各地法院审理的相关指导性案例。每篇指导性案例都经法学专家评判,全部指导性案例均有“争议点”、“判则”等点评,对案件办理、审理、学术研究及教学具有非常高的指导和参考作用。
●
相关链接 在E读中查询图书 在五车中查询图书 在当当中查询图书 在豆瓣中查询图书


正题名:中国指导案例、参考案例判旨总提炼     索取号:D920.5/1037:2         预约/预借

序号 登录号 条形码 馆藏地/架位号 状态 备注
1 544823   205448238   第一样本阅览室/ [索取号:D920.5/1037:2] 在馆    
2 544824   205448247   第一借阅区/ [索取号:D920.5/1037:2] 在馆    
3 544825   205448256   史法系资料室/ [索取号:D920.5/1037:2] 在馆    
唐山师范学院图书馆 欢迎您!
大连网信软件有限公司© 版权所有